Statistiques concernant Top 5 villes les plus dangereuses du Canada

Cliquez ici pour prendre le quiz!

Statistiques générales

  • Ce quiz a été pris 67 fois
  • Le résultat moyen est 2 sur 5

Statistiques - réponses

#Villes% Correct
3Regina
63%
4Saskatoon
55%
2Victoria
55%
5Fort McMurray
12%
1Prince George
8%

Distribution des résultats

Percentile par nombre de réponses

% des personnes avec chaque résultat

Votre développement - résultats

Vous n’avez pas pris ce quiz